[Event "SVK ECo-C Extraliga 2018-19"]
[Site "Slovakia"]
[Date "2019.02.17"]
[Round "6"]
[White "Cibickova, Zuzana"]
[Black "Michalik, Peter"]
[Result "1/2-1/2"]
[WhiteElo "2243"]
[BlackElo "2564"]
[Annotator "TA"]
[PlyCount "76"]
[EventDate "2018.11.10"]
[EventType "team-tourn"]
[EventCountry "SVK"]
[SourceTitle "playchess.com"]
[Source "ChessBase"]
[SourceQuality "1"]
[WhiteTeam "Komarno"]
[BlackTeam "Modra"]

{[%evp 9,76,0,0,2,6,0,56,26,57,60,59,0,16,3,16,22,21,4,6,-45,-16,-50,-33,-33,-36,-31,-57,-49,-49,-108,-95,-133,-95,-95,-95,-103,-60,-108,-98,-135,-45,-66,0,0,39,0,0,0,0,0,0,0,0,0,0,0,0,0,33,46,43,0,12,0,0,0,0,0,0]} 1. e4 c5 2. Nf3 e6 3. c4 Nc6 4. Nc3 Nd4 5. g3 Ne7 6. Bg2 {B40: Sicilian: 2...e6, Unusual lines} Nec6 7. O-O g5 $146 ({Black should play} 7... a6 $11) ({Predecessor:} 7... g6 8. d3 Bg7 9. Nxd4 cxd4 10. Ne2 O-O 11. f4 f5 12. e5 d6 13. exd6 Qxd6 {½-½ (43) Munoz Pantoja,M (2496)-Hernandez Carmenates,H (2566) Badalona 2012}) 8. d3 {White is slightly better.} g4 9. Nxd4 cxd4 10. Ne2 (10. Nb5 $14) 10... e5 11. f4 d6 12. Bd2 a5 13. b3 h5 14. f5 (14. Rf2 $11) 14... Qf6 15. Qc1 Bh6 16. Bxh6 Qxh6 17. Qxh6 Rxh6 18. a3 Rb8 19. a4 (19. h3 $15) 19... Nb4 $17 20. Nc1 {[%cal Be2c1,Bc1a2,Ba2c3,Bc3d5][%mdl 32]} Nc2 21. Rb1 Bd7 22. Na2 h4 23. Rf2 Ne3 24. Re2 Ke7 (24... Bc6 $17 25. Rbb2 Rc8) 25. Nc3 $15 Nxg2 ({Of course not} 25... dxc3 $6 26. Rxe3 Kd8 27. Rc1 $11) ({Better is} 25... Bc6 $15 26. Nd1 Nxd1 27. Rxd1 Rhh8) 26. Nd5+ $11 Kd8 {[#] Strongly threatening ...h3.} 27. Kxg2 Bc6 28. b4 {[%cal Bb3b4,Bb4a5,Ba5a6][%mdl 32]} Bxd5 29. cxd5 hxg3 30. Kxg3 {[%mdl 4096] Endgame KRR-KRR} Rh3+ 31. Kxg4 Rxd3 32. bxa5 {aiming for Reb2.} Ke7 33. f6+ $1 {[%mdl 64] [#] Decoy} Kxf6 {( -> ...Rg8+)} 34. Rf2+ Ke7 35. a6 b6 {The position is equal.} 36. Rbf1 Rg8+ 37. Kh4 $1 Rh8+ 38. Kg4 Rg8+ {Accuracy: White = 48%, Black = 48%.} 1/2-1/2

[Event "SVK ECo-C Extraliga 2018-19"]
[Site "Slovakia"]
[Date "2019.02.17"]
[Round "6"]
[White "Fiacan, Robert"]
[Black "Magat, Jozef"]
[Result "1-0"]
[WhiteElo "2242"]
[BlackElo "2108"]
[Annotator "TA"]
[PlyCount "117"]
[EventDate "2018.11.10"]
[EventType "team-tourn"]
[EventCountry "SVK"]
[SourceTitle "playchess.com"]
[Source "ChessBase"]
[SourceQuality "1"]
[WhiteTeam "Snina"]
[BlackTeam "Dunajov"]

{[%evp 9,117,46,62,68,79,89,111,96,90,89,83,82,84,56,50,51,51,-87,-72,-81,-83,-52,-35,-66,-21,-68,-63,-70,0,0,0,0,0,0,9,0,10,15,27,26,37,34,38,30,38,18,7,13,16,17,46,42,68,46,69,42,63,44,49,26,64,65,82,73,105,106,158,131,155,94,380,372,368,213,449,445,440,426,428,431,419,297,744,746,743,735,728,706,1130,1066,29982,29983,29983,29984,29983,6025,5319,3070,5231,3801,6087,6033,5663,5231,1406,1585,29980,29980,29977,29976]} 1. e4 g6 2. d4 Bg7 3. Nc3 d5 4. exd5 Nf6 5. Bb5+ Bd7 (5... Nbd7 6. Nf3 O-O 7. O-O Nb6 8. h3 Nfxd5 9. Nxd5 Qxd5 10. Be2 Bf5 11. c3 Rfd8 12. Qb3 a5 13. Qxd5 Nxd5 {½-½ (39) Burmakin,V (2508)-Moiseenko,V (2528) Kazan 2017}) 6. Bc4 {B06: Modern Defence} O-O 7. Nf3 Bg4 $146 ({Predecessor:} 7... c6 8. dxc6 Nxc6 9. h3 Re8 10. O-O Qc7 11. Bb3 Rad8 12. Re1 e5 13. d5 {½-½ (50) Ucha,L (1887)-Gonzalez,L (1642) Moron 2018}) 8. h3 {White is better.} Bc8 9. a4 a5 10. Ne5 Na6 11. Qf3 Nb4 12. Bb3 Bf5 13. Kd1 (13. Qe2 $14 {stays ahead.}) 13... c5 $1 $17 {[%cal Rc5d4]} 14. dxc5 Nfxd5 15. Nxd5 {Threatens to win with Nd3.} Bxe5 16. Re1 Bg7 {...e6 is the strong threat.} (16... Bxc2+ $5 17. Bxc2 Bg7 $17) 17. Bd2 Bxc2+ ({Stronger than} 17... Bxb2 18. Nxe7+ Kh8 19. Nxf5 $1 $16 {[%mdl 512]}) 18. Bxc2 Qxd5 ({Better is} 18... Nxd5 $15 19. Ke2 e6) 19. Qxd5 $11 Nxd5 20. Be4 Rfd8 21. Ke2 e6 22. Rab1 Bd4 (22... f5 $5 {[%cal Rf5e4]} 23. Bxd5 Rxd5 $11) 23. Rec1 Rd7 24. Rc4 Be5 25. g3 Ra6 26. Bd3 {Hoping for Re4.} Ra8 27. Re4 Bg7 28. Bb5 Rc7 29. Rc4 Bf8 30. Rbc1 $36 {[%mdl 2048] White has some pressure.} Bg7 31. b3 Bf8 32. c6 {Strongly threatening cxb7.} b6 33. R1c2 Bd6 34. f4 Bf8 35. Kf3 Bd6 36. Be1 Bf8 37. Bf2 Bg7 (37... f5 $142 38. Re2 Kf7) 38. Rd2 Rb8 39. g4 (39. Re2 $142) 39... h6 $2 {[%mdl 8192] [#]} (39... f5 $16) 40. f5 $1 $18 {[%mdl 512]} Be5 (40... exf5 41. Rxd5) 41. Re2 (41. Re4 $142 Bc3 42. Rd3) 41... f6 $2 (41... Bd6 {was necessary.} 42. Rd4 (42. fxe6 Re7 $16) 42... g5 43. fxe6 fxe6 44. Rxe6 Rf7+ 45. Kg2 Nf4+ 46. Rxf4 Bxf4 47. Rg6+ (47. Rxh6 Kg7 $18) 47... Rg7 48. Rxh6 Re7) 42. fxe6 Re7 43. Rd2 Nc7 44. Rd7 Kf8 45. Be3 g5 $2 (45... Nxe6 46. Bxh6+ Kf7) 46. Bc1 Rxe6 47. Re4 Nxb5 48. axb5 Ke8 49. Rh7 Rd8 50. Rh8+ Ke7 51. Ba3+ Red6 52. Rxd8 (52. Bxd6+ $142 Rxd6 {[#]} 53. Rxe5+ $1 {[%mdl 576] Promotion} fxe5 54. c7 Rd3+ 55. Ke4 {[%mdl 64] Double Attack} Rc3 56. c8=Q Rxc8 57. Rxc8) 52... Kxd8 53. Rxe5 {[%mdl 4096] Endgame KRB-KR} Rd3+ 54. Re3 Rd5 55. Be7+ Kc7 56. Bxf6 Rxb5 57. Rc3 Rc5 58. Rxc5 bxc5 59. Bc3 {Accuracy: White = 65%, Black = 26%.} 1-0

[Event "SVK ECo-C Extraliga 2018-19"]
[Site "Slovakia"]
[Date "2019.02.17"]
[Round "6"]
[White "Kantorik, Marian"]
[Black "Mrvova, Alena"]
[Result "1/2-1/2"]
[WhiteElo "2223"]
[BlackElo "2174"]
[Annotator "TA"]
[PlyCount "53"]
[EventDate "2018.11.10"]
[EventType "team-tourn"]
[EventCountry "SVK"]
[SourceTitle "playchess.com"]
[Source "ChessBase"]
[SourceQuality "1"]
[WhiteTeam "Dunajov"]
[BlackTeam "Snina"]

{[%evp 23,53,31,39,33,61,60,77,37,52,52,66,50,66,62,58,47,46,43,37,42,56,33,53,21,24,31,17,0,28,17,41,31]} 1. d4 Nf6 2. c4 e6 3. Nf3 d5 4. Nc3 c6 5. Bg5 Nbd7 6. e3 Be7 7. Bd3 dxc4 8. Bxc4 Nd5 9. Bxe7 Qxe7 10. O-O O-O 11. e4 Nxc3 12. bxc3 e5 13. Qc2 {D60: Queen's Gambit Declined: Classical: Unusual White 7th moves} (13. Bd3 c5 14. d5 Nb6 15. Nd2 Qh4 16. Qe2 Bd7 17. Rab1 Rad8 18. c4 Bc8 19. Nb3 Na4 20. Qe3 Rd6 {1-0 (65) Pogonina,N (2474)-Tomilova,E (2326) Stary Smokovec 2018}) 13... c5 14. d5 Nf6 $146 ({Predecessor:} 14... Nb6 15. Nd2 Bd7 16. Bd3 g6 17. f4 c4 18. Be2 Qc5+ 19. Kh1 exf4 20. Nf3 f5 {1-0 (34) Chapman,A (1998)-Wiese,T (1877) Germany 2014}) 15. Be2 {White is better.} Ne8 16. Nd2 Nd6 17. Nc4 f5 18. Nxd6 Qxd6 19. exf5 Bxf5 20. Bd3 Bxd3 21. Qxd3 Rf4 22. Rad1 Raf8 23. Rd2 a6 24. Re1 b5 25. Qh3 R4f6 26. Re4 c4 27. Qe3 {Accuracy: White = 43%, Black = 49%.} 1/2-1/2

[Event "SVK ECo-C Extraliga 2018-19"]
[Site "Slovakia"]
[Date "2019.02.17"]
[Round "6"]
[White "Bombek, Peter"]
[Black "Mikrut, Dariusz"]
[Result "1/2-1/2"]
[WhiteElo "2205"]
[BlackElo "2373"]
[Annotator "TA"]
[PlyCount "40"]
[EventDate "2018.11.10"]
[EventType "team-tourn"]
[EventCountry "SVK"]
[SourceTitle "playchess.com"]
[Source "ChessBase"]
[SourceQuality "1"]
[WhiteTeam "Dubnica"]
[BlackTeam "Prakovce"]

{[%evp 24,40,38,-18,36,0,0,0,0,1,0,3,20,19,17,15,50,50,48]} 1. d4 g6 2. Nf3 Bg7 3. e4 c5 4. c3 cxd4 5. cxd4 d5 6. exd5 Nf6 7. Nc3 O-O 8. Bc4 Nbd7 9. O-O Nb6 10. Bb3 Nbxd5 11. Re1 b6 12. Bg5 Bb7 13. Rc1 {LiveBook: 11 Games} (13. Ne5 $14) 13... Rc8 {B14: Caro-Kann: Panov-Botvinnik Attack with 5...e6 and 5...g6} (13... h6 $11 14. Bxf6 Bxf6) (13... Nxc3 14. bxc3 Rc8 15. Qd3 Qd6 16. Ne5 e6 17. h4 Nd5 18. c4 Ne7 19. c5 bxc5 20. Nxf7 Qxd4 21. Qxd4 Bxd4 22. Bxe6 {1-0 (30) Barbosa,O (2533)-Perelshteyn,E (2507) Rockville 2017}) 14. Nxd5 (14. Ne5 {with more complications.} Qd6 15. f3 Nxc3 16. bxc3 e6 17. Kh1) 14... Nxd5 $146 15. Rxc8 Qxc8 {The position is equal.} 16. Bxe7 Nxe7 17. Rxe7 Bxf3 18. Qxf3 {And now Qf4 would win.} Qc1+ 19. Qd1 Qxb2 20. g3 Qxd4 1/2-1/2

[Event "SVK ECo-C Extraliga 2018-19"]
[Site "Slovakia"]
[Date "2019.02.17"]
[Round "6"]
[White "Voros, Gellert"]
[Black "Schwarz, Dusan"]
[Result "0-1"]
[WhiteElo "2154"]
[BlackElo "2330"]
[Annotator "NA RC"]
[PlyCount "108"]
[EventDate "2018.11.10"]
[EventType "team-tourn"]
[EventCountry "SVK"]
[SourceTitle "playchess.com"]
[Source "ChessBase"]
[SourceQuality "1"]
[WhiteTeam "Komarno"]
[BlackTeam "Modra"]
[TimeControl "40/5400+30:1800+30"]

1. e4 {[%emt 0:00:00]} e5 {[%emt 0:00:00]} 2. Nc3 {[%emt 0:00:00]} Nf6 {[%emt 0:00:21]} 3. Bc4 {[%emt 0:00:08]} Bc5 {[%emt 0:02:44]} 4. d3 {[%emt 0:01:12]} d6 {[%emt 0:05:57]} 5. Bg5 {[%emt 0:07:12]} c6 {[%emt 0:07:11]} 6. Qd2 {[%emt 0:21:14]} Nbd7 {[%emt 0:02:28]} 7. Na4 {[%emt 0:06:46]} b5 {[%emt 0:08:53]} 8. Nxc5 {[%emt 0:01:01]} Nxc5 {[%emt 0:02:08]} 9. Bb3 {[%emt 0:00:09]} h6 {[%emt 0:01:27]} 10. Be3 {[%emt 0:03:29]} a5 {[%emt 0:02:22]} 11. Bxc5 {[%emt 0:09:27]} dxc5 {[%emt 0:01:01]} 12. c3 {[%emt 0:00:13]} a4 {[%emt 0:08:20]} 13. Bc2 {[%emt 0:00:44]} a3 {[%emt 0:00:37]} 14. b4 {[%emt 0:03:00]} cxb4 {[%emt 0:01:37]} 15. Nf3 {[%emt 0:06:48]} Qd6 {[%emt 0:02:56]} 16. cxb4 {[%emt 0:04:58]} Bg4 {[%emt 0:00:16]} 17. O-O {[%emt 0:03:21]} Bxf3 {[%emt 0:05:20]} 18. gxf3 {[%emt 0:00:07]} Nh5 {[%emt 0:00:31]} 19. Kh1 {[%emt 0:01:41]} Nf4 {[%emt 0:00:47]} 20. d4 {[%emt 0:01:59]} Qxd4 {[%emt 0:03:01]} 21. Qxd4 {[%emt 0:00:58]} exd4 {[%emt 0:00:06]} 22. Rac1 {[%emt 0:05:06]} Ke7 {[%emt 0:02:22]} 23. Bb3 {[%emt 0:00:38]} Rac8 {[%emt 0:00:44]} 24. Rfd1 {[%emt 0:00:30]} Rhd8 {[%emt 0:00:32]} 25. h4 {[%emt 0:01:08]} g5 {[%emt 0:08:39]} 26. Rc5 {[%emt 0:00:54]} f6 {[%emt 0:00:38]} 27. Kh2 {[%emt 0:02:34]} d3 {[%emt 0:03:56]} 28. Kg3 {[%emt 0:01:59]} Ne2+ {[%emt 0:01:10]} 29. Kg4 {[%emt 0:00:28]} d2 {[%emt 0:12:28]} 30. hxg5 {[%emt 0:05:03]} hxg5 {[%emt 0:00:21]} 31. e5 {[%emt 0:07:35]} Nd4 {[%emt 0:12:04]} 32. exf6+ {[%emt 0:00:34]} Kxf6 {[%emt 0:00:09]} 33. Rxd2 {[%emt 0:00:43]} Nxb3 {[%emt 0:00:21]} 34. Rf5+ {[%emt 0:02:07]} Ke6 {[%emt 0:00:41]} 35. Re2+ {[%emt 0:00:14]} Kd6 {[%emt 0:00:35]} 36. axb3 {[%emt 0:00:06]} Ra8 {[%emt 0:01:16]} 37. Ra2 {[%emt 0:00:18]} Kc7 {[%emt 0:00:59]} 38. Rf7+ {[%emt 0:03:04]} Kb6 {[%emt 0:00:19]} 39. Re7 {[%emt 0:00:38]} Rd4+ {[%emt 0:01:19]} 40. Re4 {[%emt 0:00:10]} Rd3 {[%emt 0:01:26]} 41. Re3 {[%emt 0:30:18]} Rd1 {[%emt 0:07:12]} 42. Kxg5 {[%emt 0:00:00]} Rb1 {[%emt 0:02:07]} 43. Rc3 {[%emt 0:00:00]} Rb2 {[%emt 0:00:44]} 44. Ra1 {[%emt 0:00:00]} a2 {[%emt 0:00:36]} 45. Rcc1 {[%emt 0:00:00]} Rxf2 {[%emt 0:00:58]} 46. f4 {[%emt 0:00:00]} Rf8 {[%emt 0:03:51]} 47. Rg1 {[%emt 0:00:00]} c5 {[%emt 0:04:24]} 48. Rg4 {[%emt 0:02:52]} c4 {[%emt 0:01:20]} 49. bxc4 {[%emt 0:00:36]} bxc4 {[%emt 0:00:05]} 50. Kh4 {[%emt 0:00:42]} Kb5 {[%emt 0:00:33]} 51. Kg3 {[%emt 0:00:26]} Rb2 {[%emt 0:01:13]} 52. Rg7 {[%emt 0:00:25]} Ra8 {[%emt 0:00:38]} 53. Rg5+ {[%emt 0:00:44]} Kxb4 {[%emt 0:00:30]} 54. Rg7 {[%emt 0:00:22]} Ra3+ {[%emt 0:00:44]} 0-1

[Event "SVK ECo-C Extraliga 2018-19"]
[Site "Slovakia"]
[Date "2019.02.17"]
[Round "6"]
[White "Joba, Arpad"]
[Black "Federic, Jozef"]
[Result "1/2-1/2"]
[WhiteElo "2009"]
[BlackElo "2207"]
[Annotator "NA"]
[PlyCount "100"]
[EventDate "2018.11.10"]
[EventType "team-tourn"]
[EventCountry "SVK"]
[SourceTitle "playchess.com"]
[Source "ChessBase"]
[SourceQuality "1"]
[WhiteTeam "Komarno"]
[BlackTeam "Modra"]
[TimeControl "40/5400+30:1800+30"]

1. e4 {[%emt 0:00:00]} c5 {[%emt 0:00:00]} 2. Nf3 {[%emt 0:00:00]} e6 {[%emt 0:00:00]} 3. c3 {[%emt 0:00:00]} Nf6 {[%emt 0:00:07]} 4. e5 {[%emt 0:00:00]} Nd5 {[%emt 0:00:07]} 5. d4 {[%emt 0:00:00]} cxd4 {[%emt 0:00:26]} 6. cxd4 {[%emt 0:00:00]} b6 {[%emt 0:00:54]} 7. Nc3 {[%emt 0:00:43]} Nxc3 {[%emt 0:01:54]} 8. bxc3 {[%emt 0:00:19]} Qc7 {[%emt 0:00:42]} 9. Bd2 {[%emt 0:00:42]} Be7 {[%emt 0:01:16]} 10. Bd3 {[%emt 0:01:41]} Ba6 {[%emt 0:00:24]} 11. Bxa6 {[%emt 0:06:04]} Nxa6 {[%emt 0:02:49]} 12. Qe2 {[%emt 0:02:50]} Qb7 {[%emt 0:02:23]} 13. O-O {[%emt 0:01:22]} O-O {[%emt 0:01:58]} 14. a4 {[%emt 0:08:24]} Rac8 {[%emt 0:02:35]} 15. Rfc1 {[%emt 0:02:05]} d6 {[%emt 0:04:28]} 16. a5 {[%emt 0:07:57]} Nb8 {[%emt 0:06:09]} 17. axb6 {[%emt 0:07:30]} axb6 {[%emt 0:00:58]} 18. Qb5 {[%emt 0:09:21]} Nd7 {[%emt 0:03:40]} 19. Qb4 {[%emt 0:07:30]} Qc7 {[%emt 0:05:47]} 20. Ra4 {[%emt 0:07:55]} Rfe8 {[%emt 0:02:56]} 21. exd6 {[%emt 0:00:57]} Bxd6 {[%emt 0:00:15]} 22. Qb3 {[%emt 0:00:38]} Qc6 {[%emt 0:12:37]} 23. Rb1 {[%emt 0:08:23]} Ra8 {[%emt 0:01:50]} 24. Raa1 {[%emt 0:02:12]} Rec8 {[%emt 0:04:01]} 25. Rxa8 {[%emt 0:02:36]} Rxa8 {[%emt 0:00:27]} 26. c4 {[%emt 0:01:52]} Rc8 {[%emt 0:12:39]} 27. Rc1 {[%emt 0:01:59]} Nf6 {[%emt 0:05:38]} 28. h3 {[%emt 0:04:46]} Qc7 {[%emt 0:05:23]} 29. Bb4 {[%emt 0:09:02]} Bxb4 {[%emt 0:03:52]} 30. Qxb4 {[%emt 0:00:18]} h6 {[%emt 0:04:06]} 31. Ne5 {[%emt 0:02:27]} Qd8 {[%emt 0:01:11]} 32. Qb2 {[%emt 0:00:22]} Qd6 {[%emt 0:01:07]} 33. Rb1 {[%emt 0:00:23]} Nd7 {[%emt 0:00:52]} 34. Qb5 {[%emt 0:02:14]} Nxe5 {[%emt 0:01:06]} 35. dxe5 {[%emt 0:00:12]} Qd4 {[%emt 0:02:01]} 36. Qxb6 {[%emt 0:01:35]} Qxb6 {[%emt 0:00:25]} 37. Rxb6 {[%emt 0:00:06]} Rxc4 {[%emt 0:00:04]} 38. Rb8+ {[%emt 0:01:05]} Kh7 {[%emt 0:00:14]} 39. Rb2 {[%emt 0:02:23]} Re4 {[%emt 0:06:37]} 40. Rb5 {[%emt 0:00:06]} Kg6 {[%emt 0:00:15]} 41. f3 {[%emt 0:30:15]} Rd4 {[%emt 0:30:48]} 42. Kf2 {[%emt 0:00:00]} Rd2+ {[%emt 0:00:00]} 43. Kg3 {[%emt 0:00:00]} h5 {[%emt 0:00:00]} 44. h4 {[%emt 0:00:00]} Rd4 {[%emt 0:00:00]} 45. Rb7 {[%emt 0:00:00]} Rd2 {[%emt 0:00:00]} 46. Ra7 {[%emt 0:00:00]} Re2 {[%emt 0:00:00]} 47. f4 {[%emt 0:00:00]} Re3+ {[%emt 0:00:00]} 48. Kf2 {[%emt 0:00:00]} Rb3 {[%emt 0:00:00]} 49. Re7 {[%emt 0:00:00]} Ra3 {[%emt 0:00:00]} 50. g3 {[%emt 0:00:00]} Rb3 1/2-1/2

[Event "SVK ECo-C Extraliga 2018-19"]
[Site "Slovakia"]
[Date "2019.02.17"]
[Round "6.1"]
[White "Papp, Gabor"]
[Black "Pechac, Jergus"]
[Result "1/2-1/2"]
[WhiteElo "2603"]
[BlackElo "2470"]
[Annotator "TA"]
[PlyCount "88"]
[EventDate "2018.11.10"]
[EventType "team-tourn"]
[EventCountry "SVK"]
[SourceTitle "playchess.com"]
[Source "ChessBase"]
[SourceQuality "1"]
[WhiteTeam "Slovan"]
[BlackTeam "Zilina"]

{[%evp 9,88,26,46,45,47,35,37,21,31,10,23,13,25,2,15,-17,-20,-21,-23,-21,-12,-25,-16,-15,0,0,0,0,0,0,0,0,0,0,6,0,17,0,13,0,55,47,98,54,67,29,39,33,43,34,49,47,44,54,44,66,97,109,197,180,133,44,47,50,29,0,0,0,0,0,0,0,0,0,0,0,0,0,0,0,0]} 1. e4 c6 2. Nc3 d5 3. Nf3 dxe4 4. Nxe4 Nf6 5. Qe2 Na6 6. d4 {B11: Caro-Kann: Two Knights Variation} Qd5 7. Nc3 Qa5 8. Ne5 {White is slightly better.} Nb4 9. a3 {[#] Strongly threatening Nc4.} Be6 10. Rb1 Nbd5 11. Bd2 $146 (11. b4 {is more complex.} Qc7 12. Na4 Rd8 13. Bb2 Bf5 14. g3) ({Predecessor:} 11. b4 Qb6 12. Na4 Qxd4 13. Bb2 {½-½ (35) Ragger,M (2701)-Nisipeanu,L (2674) Austria 2018}) 11... Qb6 12. Qd3 (12. Nxd5 {with more complications.} Bxd5 13. Be3 Qa5+ 14. c3 e6 15. Qd2) 12... Nxc3 13. Bxc3 g6 14. Be2 Bg7 15. O-O O-O 16. Bf3 Bf5 17. Qd2 Qc7 18. Rfe1 Nd5 19. b4 Nxc3 20. Qxc3 Rac8 21. Rbd1 Be6 22. Qe3 Rcd8 23. c4 Qb6 24. h4 Bf5 (24... Bxe5 $11 25. Qxe5 Bxc4) 25. h5 $14 a5 (25... Qc7 $14) 26. hxg6 hxg6 27. c5 Qc7 $1 28. d5 {[%cal Rd5c6]} (28. g4 {is interesting.} Bxe5 29. gxf5 Bf6 30. fxg6 fxg6 31. d5) 28... axb4 29. axb4 {[%cal Rd5c6]} cxd5 30. Rxd5 Rxd5 31. Bxd5 e6 32. Bf3 Rd8 33. b5 Rc8 {[#]} (33... Rb8 $16 {was called for.}) 34. c6 $1 $18 Bxe5 35. Qxe5 ({Better is} 35. cxb7 $16 Bh2+ 36. Kh1) 35... Qxe5 $14 36. Rxe5 bxc6 37. bxc6 $18 {[%mdl 4096] Endgame KRB-KRB} Kf8 {The position is equal.} 38. Rb5 Bd3 39. Rb7 Bc4 40. g4 Bd5 41. Bxd5 exd5 42. Rd7 Rxc6 43. Rxd5 Kg7 44. Kg2 Rc4 {Accuracy: White = 62%, Black = 64%.} 1/2-1/2

[Event "SVK ECo-C Extraliga 2018-19"]
[Site "Slovakia"]
[Date "2019.02.17"]
[Round "6.1"]
[White "Vajda, Levente"]
[Black "Mazur, Stefan"]
[Result "1/2-1/2"]
[WhiteElo "2551"]
[BlackElo "2428"]
[Annotator "TA"]
[PlyCount "83"]
[EventDate "2018.11.10"]
[EventType "team-tourn"]
[EventCountry "SVK"]
[SourceTitle "playchess.com"]
[Source "ChessBase"]
[SourceQuality "1"]
[WhiteTeam "Streda"]
[BlackTeam "Liptovska"]

{[%evp 17,83,11,13,0,0,-10,-32,-91,-91,-91,-84,-91,-62,-56,-58,-45,87,87,87,87,87,88,85,67,66,78,75,62,66,54,88,75,88,88,93,30,145,138,143,139,206,186,196,179,189,189,195,185,232,133,136,83,75,8,8,0,62,58,137,121,131,0,24,0,0,0,159,31]} 1. e4 e5 2. Nf3 Nc6 3. Bc4 Nf6 4. d3 Bc5 5. c3 d6 6. O-O h6 7. a4 {C54: Giuoco Piano: 4 c3 Nf6, main lines with 5 d4 and 5 d3} (7. Re1 O-O 8. h3 a5 9. Nbd2 Be6 10. Bb5 Qb8 11. Nf1 Qa7 12. Be3 Bxe3 13. Nxe3 Ne7 14. a4 Ng6 15. Bc4 Bxc4 16. Nxc4 {1-0 (64) Karjakin,S (2753)-Svidler,P (2737) St Petersburg 2018}) 7... a5 8. Be3 Bxe3 9. fxe3 O-O {LiveBook: 9 Games} 10. Qe1 Be6 11. Nbd2 Bxc4 12. dxc4 $146 (12. Nxc4 $15 b6 13. Qg3) ({Predecessor:} 12. Nxc4 Qd7 13. Nh4 Qe6 14. Nf5 Ne7 {½-½ (35) Skrinjar,M (1981)-Spalir,J (2079) Rogatska Slatina 2010}) 12... Nd7 $17 13. Nh4 g6 14. Rf3 Nc5 15. Qg3 {aiming for Nxg6!} Qg5 16. Qh3 {White wants to play Nf5!} Rae8 {[#]} (16... Qh5 $15) 17. Nf5 $1 $16 {[%cal Rf5h6][%mdl 512]} Kh7 (17... h5 $2 18. Rg3 $18) (17... gxf5 18. Rg3) 18. Rg3 Qh5 19. Qxh5 gxh5 20. Rh3 Re6 21. Rxh5 Rg8 22. b3 Rg5 23. Ng3 (23. Rh3 {seems wilder.} Reg6 24. Nh4 Rf6 25. Rf3 Rxf3 26. Nhxf3 Rg6 27. Nh4) 23... Rxh5 24. Nxh5 Kg6 25. g4 Ne7 26. Rf1 (26. Kf2 $16) 26... c6 (26... Ng8 $1 $11) 27. Ng3 d5 28. h4 dxc4 (28... Kg7 $16 29. Kg2 dxc4) 29. Nxc4 $18 Nxb3 30. Rb1 $1 {[%cal Rb1b3]} Nc5 31. Nxa5 Nxa4 32. Nxb7 ({But not} 32. Rxb7 $6 Nxc3 33. Nb3 Nc8 $16) 32... Ng8 33. c4 (33. Kg2 $18) 33... Nf6 $16 34. Rb4 (34. Nd8 $142 Re8 35. h5+ (35. Nxc6 Nxg4 36. Rb7 Ra8 $16) 35... Kg5 36. Nxf7+ (36. Nxc6 Nxg4 37. Rb4 Ra8 $15) 36... Kxg4 37. Kg2) 34... Nc3 {[#]} 35. Nc5 (35. Nd8 $1 $16 {[%cal Rd8e6]} Re8 36. Nxc6) 35... Rd6 $11 36. Rb8 Rd1+ (36... Rd2 $11) 37. Kg2 $14 Rd2+ (37... h5 $1 $14) 38. Kf3 $16 {Threatens to win with Rh8.} Nd1 {[%csl Gd1][%cal Rd2f2]} 39. Ne2 ({White must play} 39. Nf5 $16) 39... Kg7 40. Rb1 Rxe2 41. Rxd1 Rc2 $2 {[#]} (41... Rh2 $1 $11) 42. Nd3 {Precision: White = 45%, Black = 46%.} (42. Nb7 $1 $16) 1/2-1/2

[Event "SVK ECo-C Extraliga 2018-19"]
[Site "Slovakia"]
[Date "2019.02.17"]
[Round "6.1"]
[White "Cvek, Robert"]
[Black "Balog, Imre"]
[Result "1/2-1/2"]
[WhiteElo "2512"]
[BlackElo "2558"]
[Annotator "TA"]
[PlyCount "31"]
[EventDate "2018.11.10"]
[EventType "team-tourn"]
[EventCountry "SVK"]
[SourceTitle "playchess.com"]
[Source "ChessBase"]
[SourceQuality "1"]
[WhiteTeam "Osuske"]
[BlackTeam "Podhajska"]

{[%evp 18,20,8,0,0]} 1. Nf3 d5 2. e3 Nf6 3. c4 c6 4. d4 a6 5. Bd3 g6 6. O-O Bg7 7. Nc3 O-O 8. h3 b5 {D94: Grünfeld: 4 Nf3 Bg7 5 e3} 9. cxd5 (9. b3 Nbd7 10. Bb2 bxc4 11. bxc4 dxc4 12. Bxc4 c5 13. Rb1 cxd4 14. Nxd4 Ne5 15. Be2 Bb7 16. Na4 {1-0 (55) Fedoseev,V (2724)-Artemiev,V (2697) Moscow 2018}) 9... cxd5 10. Bd2 {LiveBook: 3 Games} Nc6 {Predecessor:} 11. a4 $146 b4 12. Na2 a5 13. Nc1 Qd6 14. Bb5 Na7 15. Bd3 Nc6 16. Bb5 {½-½ (43) Jumabayev,R (2548)-Megaranto,S (2524) Incheon 2013} 1/2-1/2

[Event "SVK ECo-C Extraliga 2018-19"]
[Site "Slovakia"]
[Date "2019.02.17"]
[Round "6.2"]
[White "Mihok, Oliver"]
[Black "Vykouk, Jan"]
[Result "1/2-1/2"]
[WhiteElo "2540"]
[BlackElo "2435"]
[Annotator "TA"]
[PlyCount "97"]
[EventDate "2018.11.10"]
[EventType "team-tourn"]
[EventCountry "SVK"]
[SourceTitle "playchess.com"]
[Source "ChessBase"]
[SourceQuality "1"]
[WhiteTeam "Podhajska"]
[BlackTeam "Osuske"]

{[%evp 23,97,43,54,43,39,51,41,36,69,78,79,71,78,75,75,66,64,56,79,75,72,87,87,84,152,138,108,64,53,0,23,18,21,30,22,26,39,37,38,0,0,0,0,0,0,0,0,0,0,0,0,0,0,0,0,0,0,0,0,0,0,0,0,0,0,0,0,0,0,0,0,0,0,0,0,0]} 1. e4 c5 2. Nf3 d6 3. d4 cxd4 4. Nxd4 Nf6 5. Nc3 a6 6. Be3 e5 7. Nb3 Be7 8. f3 O-O 9. Qd2 Be6 10. O-O-O a5 11. a4 Nc6 12. g4 Nb4 13. Kb1 {B90: Sicilian Najdorf: Unusual White 6th moves, 6 Be3 Ng4 and 6 Be3 e5} (13. g5 Nh5 14. Bb5 Rc8 15. Kb1 f5 16. gxf6 Nxf6 17. Rhg1 d5 18. Bh6 Rf7 19. Qg5 Ng4 20. Qh5 Nxh6 21. Qxh6 {1-0 (41) Yu,Y (2759)-Gao,R (2561) Tianjin 2018}) 13... Rc8 14. g5 Nh5 15. Rg1 {White is slightly better.} f5 16. gxf6 $1 Rxf6 {[#]} 17. Bg5 $1 Rxf3 18. Bxe7 Qxe7 19. Qxd6 Qxd6 20. Rxd6 Bxb3 21. cxb3 Nf6 $146 22. Bc4+ Kh8 23. Rb6 Rd8 (23... Rb8 $142) 24. Rxb7 $16 g6 25. Bd5 Rf2 26. Rf7 ({Better is} 26. Ra7 $14) 26... Nbxd5 27. exd5 Kg8 28. Ra7 Nxd5 29. Nxd5 Rxd5 $11 {[%mdl 4096] Endgame KRR-KRR} 30. Rc1 Rf7 31. Rc8+ Kg7 $1 {The position is equal.} 32. Rxf7+ Kxf7 {KR-KR} 33. Kc2 Kf6 34. Rf8+ Kg5 35. b4 axb4 36. Kb3 e4 37. Kxb4 e3 38. a5 {Hoping for Re8.} Rd2 39. Kc3 {[#] And now Re8 would win.} Rd1 40. Re8 Kf4 41. b4 {Black must now prevent a6.} Ra1 $1 42. Kd4 {aiming for Re4+.} Ra3 $1 43. Re6 Kf3 {next ...e2 is good for Black.} 44. a6 e2 45. b5 g5 46. Rf6+ Kg2 47. Re6 Kf2 48. Rf6+ Kg2 49. Re6 {Accuracy: White = 82%, Black = 80%.} 1/2-1/2